000 01010nam a2200229Ia 4500
001 5069
005 20260331165407.0
008 260306t2021||||xx |||||||||||||| ||spa||
041 _aESP
082 _a332.678
_bL67G
100 _aLira Briceño, Paúl
_eAUT
245 0 _aEvaluación de proyectos de inversión:
_bguía teórica y práctica
260 _c2021
300 _a406 páginas :
_c24 cm.
650 _aGEN
654 _aCAN
856 _uhttps://itmsp.museknowledge.com/UCSP?url=https://www.ebooks7-24.com:443/?il=15649&pg=1
_zVersión digital
856 _uhttps://0u213uuj8-y-https-ebooks7--24-com.itmsp.museknowledge.com/biblioteca.aspx
_zVéase además: Base de datos Ebook7-24
856 _uhttps://0u20fuukn-y-https-research-ebsco-com.itmsp.museknowledge.com/c/qxo6us/search
_zVéase además: Base de datos EBSCOhost
856 _uhttps://0u21duuku-y-https-ebooks-editorialmacro-com.itmsp.museknowledge.com/library
_zVéase además: Base de datos Macro Digital
942 _cLIB
_dJUS
_fJUS
_2ddc
999 _c5069
_d5069